Historia de radio Bilbao / (Record no. 149963)

MARC details
000 -LEADER
campo de control de longitud fija 00565nam a2200181 i 4500
001 - NÚMERO DE CONTROL
campo de control 149963
003 - IDENTIFICADOR DE NÚMERO DE CONTROL
campo de control ES-MaACL
005 - FECHA Y HORA DE LA ÚLTIMA TRANSACCIÓN
campo de control 20230906203328.0
007 - CAMPO FIJO DE DESCRIPCIÓN FÍSICA--INFORMACIÓN GENERAL
campo de control de longitud fija t|
008 - DATOS DE LONGITUD FIJA--INFORMACIÓN GENERAL
campo de control de longitud fija 071025s1972 sp ||||1| spa d
100 1# - ENTRADA PRINCIPAL--NOMBRE DE PERSONA
Nombre de persona Valle, Julián del.
9 (RLIN) 112768
245 10 - MENCIÓN DEL TÍTULO
Título Historia de radio Bilbao /
Mención de responsabilidad, etc. Julián del Valle ; presentación de Eduardo Ruiz de Velasco.
260 ## - PUBLICACIÓN, DISTRIBUCIÓN, ETC.
Lugar de publicación, distribución, etc. Bilbao :
Nombre del editor, distribuidor, etc. Ercilla,
Fecha de publicación, distribución, etc. 1972.
300 ## - DESCRIPCIÓN FÍSICA
Extensión 173 p. :
Otras características físicas il. ;
Dimensiones 22 cm.
500 ## - NOTA GENERAL
Nota general Paginación defectuosa.
700 1# - ENTRADA AGREGADA--NOMBRE PERSONAL
Nombre de persona Ruiz de Velasco, Eduardo.
9 (RLIN) 100770
852 ## - LOCALIZACIÓN
Ubicación ES-MaACL
Número de control de estantería C-45173
Sublocalización o colección R.81284
Holdings
Estatus retirado Estado de pérdida Estado de daño No para préstamo Biblioteca de origen Biblioteca actual Ubicación en estantería Fecha de adquisición Fuente de adquisición Total de préstamos Signatura topográfica completa Código de barras Visto por última vez Precio de reemplazo Tipo de ítem Koha
        Biblioteca del Ateneo de Madrid Biblioteca del Ateneo de Madrid Depósito 2 17/01/2008     C-45173 1156484 23/02/2023 23/02/2023 Libro impreso